Представление документа в формате RUSMARC

ПолеНазваниеЗначение
  Тип записи i
  Библиографический уровень m
001 Контрольный номер RU/IS/BASE/487860656
005 Дата корректировки 20201206204947.4
010 Индекс ISBN __
a ISBN (в кор.)
d Цена 379-69
100 Данные общей обработки __
a Данные общей обработки 19150617d2013||||||| 0rusy0189 ca
101 Язык документа 1_
a Язык текста rus
c Язык оригинала nnn
102 Страна публикации __
a Страна публикации ru|
105 Кодированные данные (монография) __
a Кодированные данные (монография) nn|||||||||zy
127 Кодированные данные (звукозаписи-физические характеристики) __
a Продолжительность проигрывания 8 ч
200 Заглавие и сведения об ответственности 1_
a Заглавие "Приключения Шерлока Холмса"
e Сведения, относящиеся к заглавию рассказы : [аудиокнига : 12+]
f Первые сведения об ответственности Артур Конан Дойл ; [читает А. Бухмин]
b Общее обозначение материала Звукозапись
210 Выходные данные __
a Место издания Москва
c Издательство Агентство
d Дата издания 2013
215 Физическое описание __
a Объем 1 электрон. опт. диск (Audio CD)
c Иллюстрации/тип воспроизводства mp3, stereo
d Формат 12х14 см
225 Серия __
a Серия Audiobook
230 Специфическая характеристика материала: электронные ресурсы __
a Обозначение и объем ресурса Электронные звуковые данные
323 Примечание о главных создателях, исполнителях, участниках __
a Примечание о главных создателях, исполнителях, участниках Бухмин, А. (читает)
327 Примечание о содержании __
a Примечание о содержании Приключение в пустом доме
327 Примечание о содержании __
a Примечание о содержании Приключение норвудского строителя
327 Примечание о содержании __
a Примечание о содержании Приключение в пансионе для мальчиков
327 Примечание о содержании __
a Примечание о содержании Приключение одинокой велосипедистки
327 Примечание о содержании __
a Примечание о содержании Приключение с пропавшим футболистом
327 Примечание о содержании __
a Примечание о содержании Приключение с тремя студентами
327 Примечание о содержании __
a Примечание о содержании Приключение Черного Питера
330 Аннотация __
a Аннотация Издание содержит 7 детективных рассказов из знаменитого сборника "Воспоминания о Шерлоке Холмсе" выдающегося английского писателя Артура Конан Дойля.
333 Примечание о целевом назначении __
a Примечание о целевом назначении 12+. Для детей старше 12 лет
337 Примечание о системных требованиях (электронные ресурсы) __
a Примечание о системных требованиях (электронные ресурсы) Системные требования: MS Windows ; Pentium 100 ; RAM 16 Mb; CD-ROM; SVGA 800x600; звуковая карта; аудиосистемы с поддержкой MP3
517 Другие варианты заглавия __
a Другие варианты заглавия Приключение в пустом доме
517 Другие варианты заглавия __
a Другие варианты заглавия Приключение норвудского строителя
517 Другие варианты заглавия __
a Другие варианты заглавия Приключение в пансионе для мальчиков
517 Другие варианты заглавия __
a Другие варианты заглавия Приключение одинокой велосипедистки
517 Другие варианты заглавия __
a Другие варианты заглавия Приключение с пропавшим футболистом
517 Другие варианты заглавия __
a Другие варианты заглавия Приключение с тремя студентами
517 Другие варианты заглавия __
a Другие варианты заглавия Приключение Черного Питера
606 Тематические рубрики __
a Основная рубрика Художественная литература
606 Тематические рубрики __
a Основная рубрика Литература Европы (произведения)
y Географическая подрубрика Англия
y Географическая подрубрика Великобритания
610 Ключевые слова __
a Ключевые слова английская литература
a Ключевые слова детективные рассказы
a Ключевые слова детективы
a Ключевые слова доктор Ватсон
a Ключевые слова зарубежная литература
a Ключевые слова иностранная литература
a Ключевые слова литературные герои
a Ключевые слова литературные персонажи
a Ключевые слова рассказы
a Ключевые слова тема преступлений
a Ключевые слова тема расследований
a Ключевые слова тема сыска
a Ключевые слова тема сыщиков
a Ключевые слова тема убийств
a Ключевые слова Шерлок Холмс
686 Индексы других классификаций __
2 Код системы rubbks
a Классификационный индекс 84(4Вел)53-445я04; ст84(4Вел)-4я0
700 Автор _1
a Фамилия Дойл
b Имя А. К.
f Даты 1859-1930
g Полное личное имя Артур Конан
4 Код отношения 070
801 Источник записи _0
a Страна ru
b Организация Муниципальное бюджетное учреждение культуры "Централизованная библиотечная система" г. Сургут (Центральная городская библиотека им. А. С. Пушкина)
c Дата составления 20150617
g Правила каталогизации КиК/Апакова
801 Источник записи _1
a Страна ru
b Организация Муниципальное бюджетное учреждение культуры "Централизованная библиотечная система" г. Сургут (Центральная городская библиотека им. А. С. Пушкина)
c Дата составления 20150617
g Правила каталогизации КиК/Апакова
852 Данные о местонахождении __
j Шифр хранения 84(4Вел)53-445я04
i Авторский знак Д 62
901 Тип документа 1_
t Тип документа 0
903 Характеристики (МАРС) __
a Дата передачи 20150617
969 Тип издания __
a Тип издания аудиокнига; издание для слепых; сборник
990 Данные о заказе (DOS) __
j Количество экземпляров (DOS) 4
t N записи в КСУ для И/У (DOS) 201506